000 00384nam a2200157Ia 4500
008 230524s9999 xx 000 0 und d
082 _a621.382
_bGUP
100 _aM.L.Gupta
245 0 _aElectronics and Radio Engineering
250 _a9TH
260 _aNEW DELHI
_bDhanpat Rai
_c2003
300 _aXXX;1252
500 _aQuantity Number: 3
650 _aElectronics
942 _cBK
999 _c9997
_d9997